| 000 | 00000nam##2200000za#4500 |
| 001 | 9.646760 |
| 003 | CaOODSP |
| 005 | 20200401055532 |
| 007 | ta |
| 008 | 150407|1997||||xxc||||| f|0| 0 eng|d |
| 020 | |a0-660-17248-8 |
| 040 | |aCaOODSP|beng |
| 043 | |an-cn--- |
| 086 | 1 |aF2-121/1997E |
| 110 | 1 |aCanada.|bDepartment of Finance.|bMinister of Finance. |
| 245 | 10|aLegislative and regulatory proposals and explanatory notes relating to income tax : |bimpaired loans / |cIssued by the Minister of Finance. |
| 260 | |aOttawa - Ontario : |bFinance Canada. |c1997. |
| 300 | |a33p. ; |c23 cm. |
| 500 | |a"The explanatory notes describe the proposed amendments, clause by clause, for the assistance of Members of Parliament and Senators, as well as taxpayers and their professional advisors." |
| 520 | 3 |aThe explanatory notes describe the proposed amendments, clause by clause, for the assistance of Members of Parliament and Senators, as well as taxpayers and their professional advisors |
| 563 | |aSoftcover |
| 590 | |a97-49|b1997-12-05 |
| 775 | 08|tPropositions législatives et réglementaires et notes explicatives concernant l'impôt sur le revenu : |w(CaOODSP)9.680274 |
| 776 | 0#|tLegislative and regulatory proposals and explanatory notes relating to income tax : |w(CaOODSP)9.696416 |